[Event "CAN-ch U1600"]
[Site "Kingston CAN"]
[Date "2019.04.22"]
[Round "9.49"]
[White "Paulsen, Lorenz"]
[Black "Liao, Austin"]
[Result "1-0"]
[WhiteElo "1434"]
[BlackElo "902"]
[PlyCount "117"]
[EventDate "2019.04.18"]
[EventType "swiss"]
[EventRounds "9"]
[EventCountry "CAN"]

1. d4 e6 2. e4 d5 3. Nc3 Bb4 4. e5 c5 5. Qg4 g6 6. a3 Bxc3+ 7. bxc3 c4 8. Nf3
Qa5 9. Bd2 Qb6 10. Nh4 Qb2 11. Qd1 Nc6 12. Be2 Qb6 13. O-O Qd8 14. Nf3 Nge7 15.
Bg5 h6 16. Bf6 Rh7 17. Qd2 Qd7 18. g4 h5 19. Ng5 Rh6 20. Bg7 Ng8 21. Nxe6 Qxe6
22. Bxh6 hxg4 23. Be3 Nce7 24. Kh1 g3 25. fxg3 Nf5 26. Bg4 Nxg3+ 27. hxg3 Qxg4
28. Qg2 Bf5 29. Rxf5 Qxf5 30. Rf1 Qe4 31. Qxe4 dxe4 32. Rf4 f5 33. exf6 Kf7 34.
Rf1 Re8 35. g4 Re6 36. g5 Ra6 37. Ra1 Rb6 38. Bc1 Re6 39. Kg2 e3 40. Kf1 e2+
41. Ke1 Re4 42. Rb1 b6 43. Rb4 Nxf6 44. gxf6 Kxf6 45. Rxc4 g5 46. Rc7 g4 47.
Rxa7 g3 48. Bd2 g2 49. Kf2 Rg4 50. Kg1 Kf5 51. Rf7+ Ke4 52. Rf2 Rg3 53. Rxe2+
Kf3 54. Re3+ Kg4 55. Rxg3+ Kxg3 56. d5 Kg4 57. d6 Kf5 58. d7 Ke6 59. d8=Q 1-0

[Event "CAN-ch U1900"]
[Site "Kingston CAN"]
[Date "2019.04.18"]
[Round "1.25"]
[White "Kuryliw, Ray"]
[Black "Stopic, Alexander"]
[Result "1-0"]
[WhiteElo "1885"]
[BlackElo "1689"]
[PlyCount "91"]
[EventDate "2019.04.18"]
[EventType "swiss"]
[EventRounds "9"]
[EventCountry "CAN"]

1. e4 c6 2. d4 d5 3. exd5 cxd5 4. Bd3 Nc6 5. c3 Nf6 6. Bf4 Bg4 7. Qb3 Qd7 8. h3
Bh5 9. Nd2 e6 10. Ngf3 Rc8 11. Ne5 Qe7 12. Bb5 Nd7 13. Ndf3 f6 14. Nxc6 bxc6
15. Ba6 Bxf3 16. gxf3 e5 17. Bxc8 exf4+ 18. Kf1 Kd8 19. Bxd7 Qxd7 20. Qb8+ Ke7
21. Qxf4 Kf7 22. Re1 Bd6 23. Qe3 Rc8 24. b4 a5 25. a3 g5 26. h4 Bf4 27. Qd3 Kg7
28. hxg5 f5 29. Qe2 Bxg5 30. Qe6 Qxe6 31. Rxe6 Bd2 32. Re7+ Kg6 33. Rhxh7 Bxc3
34. Rc7 Rb8 35. Rhd7 axb4 36. axb4 Bxd4 37. Rxc6+ Kg5 38. Rxd5 Rxb4 39. Kg2 Kf4
40. Rcd6 Bc3 41. Rh6 Kg5 42. Rc6 Bd4 43. Kg3 Ba7 44. Rd8 Rb2 45. f4+ Kh5 46.
Rh8# 1-0

[Event "CAN-ch U1900"]
[Site "Kingston CAN"]
[Date "2019.04.18"]
[Round "1.26"]
[White "Dickaon, Kirk Johannes"]
[Black "Groot-Lipman, Jeff"]
[Result "0-1"]
[WhiteElo "1682"]
[BlackElo "1848"]
[PlyCount "32"]
[EventDate "2019.04.18"]
[EventType "swiss"]
[EventRounds "9"]
[EventCountry "CAN"]

1. d4 e6 2. e3 b6 3. f4 Bb7 4. Nf3 f5 5. Bd3 Nf6 6. Nbd2 Be7 7. O-O O-O 8. c3
Qe8 9. Ne5 Nc6 10. e4 Nxe5 11. fxe5 Nxe4 12. Bxe4 fxe4 13. Re1 Qg6 14. Qe2 e3
15. g3 Rf2 16. Qxe3 Rg2+ 0-1

[Event "CAN-ch U1900"]
[Site "Kingston CAN"]
[Date "2019.04.18"]
[Round "1.27"]
[White "Balasooriya, Randika"]
[Black "Laurin, Marcel"]
[Result "1/2-1/2"]
[WhiteElo "1828"]
[BlackElo "1680"]
[PlyCount "100"]
[EventDate "2019.04.18"]
[EventType "swiss"]
[EventRounds "9"]
[EventCountry "CAN"]

1. e4 b6 2. d4 Bb7 3. Bd3 d6 4. Nf3 Nd7 5. O-O h6 6. Re1 e6 7. Nbd2 g5 8. h3
Bg7 9. Nf1 Ne7 10. Ng3 e5 11. Nh5 Rg8 12. Nxg7+ Rxg7 13. c3 Ng6 14. g3 Nf6 15.
Nh2 Bc8 16. Bf1 Bd7 17. Ng4 Nxg4 18. hxg4 Qf6 19. Bg2 Ke7 20. Qf3 Nf4 21. gxf4
gxf4 22. dxe5 dxe5 23. c4 Bxg4 24. Qa3+ c5 25. Kf1 f3 26. Bxf3 Bxf3 27. Re3
Rg1+ 28. Kxg1 Qg5+ 29. Kf1 Qg2+ 30. Ke1 Qg1+ 31. Kd2 Qd1+ 32. Kc3 Qd4+ 33. Kc2
Qxc4+ 34. Qc3 Bxe4+ 35. Rxe4 Qxe4+ 36. Qd3 Qg2 37. Qf5 Qd5 38. Qd3 Qe6 39. Be3
Rd8 40. Qe4 f5 41. Qh4+ Ke8 42. Qa4+ Kf7 43. Rd1 Rxd1 44. Kxd1 Qd5+ 45. Ke2 a5
46. Bxh6 f4 47. Qc2 f3+ 48. Ke3 Kf6 49. Qh7 Qd4+ 50. Kxf3 Qd1+ 1/2-1/2

[Event "CAN-ch U1900"]
[Site "Kingston CAN"]
[Date "2019.04.18"]
[Round "1.28"]
[White "Lesage, Pierre"]
[Black "Hua, Michelle"]
[Result "1/2-1/2"]
[WhiteElo "1676"]
[BlackElo "1815"]
[PlyCount "111"]
[EventDate "2019.04.18"]
[EventType "swiss"]
[EventRounds "9"]
[EventCountry "CAN"]

1. Nf3 Nf6 2. g3 g6 3. Bg2 Bg7 4. O-O O-O 5. c4 c5 6. Nc3 Nc6 7. d3 d5 8. cxd5
Nxd5 9. Qb3 Nxc3 10. bxc3 Qc7 11. Rb1 b6 12. Bf4 Qd7 13. d4 cxd4 14. Rfd1 Bb7
15. cxd4 Na5 16. Qd3 Qa4 17. Rd2 Qc4 18. Ne1 Bxg2 19. Kxg2 Rfd8 20. Qxc4 Nxc4
21. Rdd1 Bxd4 22. Rb4 Bc3 23. Rxd8+ Rxd8 24. Rxc4 Bxe1 25. Rc7 Ra8 26. Rxe7 b5
27. Rb7 b4 28. e4 a5 29. Kf3 Rc8 30. Bh6 a4 31. Ke2 Bc3 32. Kd3 Be5 33. Rxb4
Rc3+ 34. Kd2 Ra3 35. Rc4 Rxa2+ 36. Rc2 Rxc2+ 37. Kxc2 a3 38. Kb1 Bb2 39. Bc1
Bxc1 40. Kxc1 Kg7 41. f4 g5 42. h3 gxf4 43. gxf4 Kg6 44. Kb1 Kh5 45. Ka2 Kh4
46. e5 Kh5 47. f5 Kg5 48. e6 fxe6 49. fxe6 Kf6 50. Kxa3 Kxe6 51. Kb3 Ke5 52.
Kc3 Ke4 53. Kd2 Kf3 54. Ke1 Kg2 55. Ke2 h5 56. h4 1/2-1/2

[Event "CAN-ch U1900"]
[Site "Kingston CAN"]
[Date "2019.04.18"]
[Round "1.29"]
[White "Lemieux, Richard"]
[Black "Durhan, Batuhan"]
[Result "0-1"]
[WhiteElo "1802"]
[BlackElo "1661"]
[PlyCount "58"]
[EventDate "2019.04.18"]
[EventType "swiss"]
[EventRounds "9"]
[EventCountry "CAN"]

1. e4 e5 2. Nf3 Nc6 3. Bc4 Bc5 4. c3 Nf6 5. O-O d6 6. d4 exd4 7. cxd4 Bb6 8.
Bg5 h6 9. Bxf6 Qxf6 10. e5 dxe5 11. dxe5 Qe7 12. e6 Bxe6 13. Bxe6 fxe6 14. Nc3
Rd8 15. Qe2 O-O 16. Rfe1 Rf6 17. Qc4 Nd4 18. Nxd4 Rxd4 19. Qb3 Rxf2 20. Rxe6
Rxb2 21. Qxb6 Rxg2+ 22. Kxg2 Qg5+ 23. Kh1 axb6 24. Rae1 Rd2 25. Re8+ Kh7 26.
Ne2 Qf5 27. Kg1 Qc5+ 28. Kf1 Qf5+ 29. Kg1 Qg6+ 0-1

[Event "CAN-ch U1900"]
[Site "Kingston CAN"]
[Date "2019.04.18"]
[Round "1.30"]
[White "Phillips, Brian"]
[Black "Krolczyk, Jacob"]
[Result "1-0"]
[WhiteElo "1654"]
[BlackElo "1783"]
[PlyCount "83"]
[EventDate "2019.04.18"]
[EventType "swiss"]
[EventRounds "9"]
[EventCountry "CAN"]

1. e4 c5 2. Nc3 d6 3. f4 Nf6 4. Nf3 a6 5. d3 Nc6 6. Be2 g6 7. O-O Bg7 8. Qe1
O-O 9. Kh1 Nb4 10. Bd1 b5 11. a3 Nc6 12. e5 dxe5 13. fxe5 Ne8 14. Bf4 Bb7 15.
Ng5 e6 16. Nce4 Bxe5 17. Nxh7 Kxh7 18. Ng5+ Kg7 19. Bxe5+ Nxe5 20. Qxe5+ Kg8
21. Qg3 Qe7 22. Bf3 Ra7 23. Bxb7 Rxb7 24. Rae1 Rb6 25. Qh4 f6 26. Ne4 Kg7 27.
Qf2 Rc6 28. Re3 f5 29. Rf3 Nf6 30. Nxf6 Qxf6 31. c3 Rd8 32. g4 Rh8 33. gxf5
exf5 34. Qg2 Rh5 35. Rg3 Qe6 36. Qf3 Kf7 37. Rfg1 Qd6 38. R1g2 Rh6 39. Rg5 Qe6
40. Re2 Qf6 41. Qd5+ Kf8 42. Qd7 1-0

[Event "CAN-ch U1900"]
[Site "Kingston CAN"]
[Date "2019.04.18"]
[Round "1.31"]
[White "Ramesh, Sanjay"]
[Black "Bond, Hal"]
[Result "0-1"]
[WhiteElo "1777"]
[BlackElo "1644"]
[PlyCount "66"]
[EventDate "2019.04.18"]
[EventType "swiss"]
[EventRounds "9"]
[EventCountry "CAN"]

1. d4 Nf6 2. c4 c5 3. d5 b5 4. cxb5 a6 5. b6 Qxb6 6. Nc3 g6 7. e4 d6 8. Qc2 Bg7
9. Nf3 O-O 10. h3 Nbd7 11. Bf4 Rb8 12. Rb1 Qc7 13. Be2 Nb6 14. O-O Nxe4 15.
Nxe4 Bf5 16. Bc4 Nxc4 17. Qxc4 Rb4 18. Qxa6 Bxe4 19. Bd2 Rb6 20. Qa3 Bxb1 21.
Rxb1 Qb7 22. Qd3 Rxb2 23. Rxb2 Qxb2 24. Qa6 Qb1+ 25. Kh2 Qe4 26. Qc6 e6 27. a4
Qxd5 28. Qc7 c4 29. a5 Qc5 30. Qd7 c3 31. Be3 Qxa5 32. Qxd6 c2 33. Qc6 Qc3 0-1

[Event "CAN-ch U1900"]
[Site "Kingston CAN"]
[Date "2019.04.18"]
[Round "1.32"]
[White "Samuel, Victor"]
[Black "Perkins, Simon"]
[Result "0-1"]
[WhiteElo "1632"]
[BlackElo "1753"]
[PlyCount "60"]
[EventDate "2019.04.18"]
[EventType "swiss"]
[EventRounds "9"]
[EventCountry "CAN"]

1. d4 e6 2. Bf4 f5 3. e3 Nf6 4. Bd3 d5 5. Nd2 Bd6 6. Ngf3 O-O 7. Bg5 Nbd7 8. c4
c6 9. c5 Bc7 10. b4 Qe8 11. Bf4 Bxf4 12. exf4 Ne4 13. Ne5 Nxd2 14. Kxd2 Nxe5
15. fxe5 Qe7 16. f4 Bd7 17. h4 b6 18. Qh5 Be8 19. Qg5 Qf7 20. h5 h6 21. Qg3 Bd7
22. Bc2 Rab8 23. Qd3 bxc5 24. bxc5 Rfd8 25. Qa6 Be8 26. Bb3 Qc7 27. Rh3 Rb5 28.
Kc2 Rdb8 29. Qa3 Rb4 30. Qb2 a5 0-1

[Event "CAN-ch U1900"]
[Site "Kingston CAN"]
[Date "2019.04.18"]
[Round "1.33"]
[White "Xie, Austin"]
[Black "Dong, Yiwei"]
[Result "1-0"]
[WhiteElo "1750"]
[BlackElo "1595"]
[PlyCount "69"]
[EventDate "2019.04.18"]
[EventType "swiss"]
[EventRounds "9"]
[EventCountry "CAN"]

1. e4 e6 2. d4 d5 3. Nc3 Nf6 4. e5 Nfd7 5. f4 c5 6. Nf3 Nc6 7. Be3 Qb6 8. Na4
Qa5+ 9. c3 cxd4 10. b4 Qc7 11. Nxd4 Be7 12. Bd3 a6 13. Rc1 b5 14. Nb2 Nb6 15.
O-O Bb7 16. Qe2 Nc4 17. Nxc4 dxc4 18. Be4 O-O 19. g4 Nxd4 20. Bxd4 Rad8 21. Qe3
Bxe4 22. Qxe4 Qd7 23. Rcd1 Qd5 24. Qe3 Qb7 25. Rf2 h6 26. g5 hxg5 27. fxg5 Rfe8
28. Qf4 Bf8 29. Rf3 g6 30. Rdf1 Rd7 31. Rh3 Bg7 32. Qh4 Kf8 33. Bc5+ Ree7 34.
Qf4 Rd5 35. Qxf7# 1-0

[Event "CAN-ch U1900"]
[Site "Kingston CAN"]
[Date "2019.04.18"]
[Round "1.34"]
[White "Dickson, Raymond"]
[Black "Sharma, Vishruth"]
[Result "0-1"]
[WhiteElo "1594"]
[BlackElo "1745"]
[PlyCount "88"]
[EventDate "2019.04.18"]
[EventType "swiss"]
[EventRounds "9"]
[EventCountry "CAN"]

1. d4 Nf6 2. e3 g6 3. Bd3 Bg7 4. f4 d5 5. Nd2 O-O 6. Ngf3 Nbd7 7. O-O b6 8. c3
Bb7 9. Ne5 Ne4 10. Ndf3 f6 11. Ng4 Qc8 12. Nf2 f5 13. Bd2 Ba6 14. Qe2 Bxd3 15.
Qxd3 e6 16. Ne5 Nxe5 17. fxe5 Nxd2 18. Qxd2 Bh6 19. Qe2 Qd8 20. Nd3 Rf7 21. Nf4
Bxf4 22. exf4 c5 23. Rac1 Rc8 24. Qd2 Rc6 25. Rc2 Rfc7 26. Rfc1 Qc8 27. a3 cxd4
28. Qxd4 Rc4 29. Qf2 d4 30. Qd2 d3 31. Qxd3 Rxf4 32. Re1 Rd7 33. Qg3 Qc5+ 34.
Kh1 Qc4 35. Kg1 Re4 36. Rcc1 Rd2 37. Rcd1 Qc5+ 38. Kf1 Qb5+ 39. Kg1 Qxb2 40.
Qg5 Rxe1+ 41. Rxe1 Qxc3 42. Qf6 Qd4+ 43. Kh1 Qd5 44. Qg5 Rd1 0-1

[Event "CAN-ch U1900"]
[Site "Kingston CAN"]
[Date "2019.04.18"]
[Round "1.35"]
[White "Page, Dany"]
[Black "Landstrom, William"]
[Result "0-1"]
[WhiteElo "1740"]
[BlackElo "1583"]
[PlyCount "74"]
[EventDate "2019.04.18"]
[EventType "swiss"]
[EventRounds "9"]
[EventCountry "CAN"]

1. e4 d6 2. d4 Nf6 3. Nc3 e5 4. Nf3 Nbd7 5. g4 Nxg4 6. Rg1 Ngf6 7. Be3 c6 8.
Bc4 h6 9. Qd3 exd4 10. Bxd4 b5 11. Bb3 a5 12. a4 b4 13. Qc4 d5 14. Qxc6 Ra6 15.
Bxf6 Rxc6 16. Bxd8 bxc3 17. exd5 cxb2 18. Rb1 Rc3 19. Bxa5 Rxf3 20. Ke2 Rh3 21.
Rge1 Nc5 22. Kf1+ Kd7 23. Bc4 Ba6 24. Bxa6 Nxa6 25. Rxb2 Bd6 26. Rb7+ Nc7 27.
Kg1 Ra8 28. Bb4 Rxa4 29. Bxd6 Kxd6 30. Rd1 Ra6 31. Rd2 Rh4 32. Rb8 Rg4+ 33. Kf1
Kd7 34. f3 Rf4 35. Rd3 Rd6 36. Rb7 Rc4 37. c3 Rc5 0-1

[Event "CAN-ch U1900"]
[Site "Kingston CAN"]
[Date "2019.04.19"]
[Round "2.25"]
[White "Durhan, Batuhan"]
[Black "Kuryliw, Ray"]
[Result "0-1"]
[WhiteElo "1661"]
[BlackElo "1885"]
[PlyCount "26"]
[EventDate "2019.04.18"]
[EventType "swiss"]
[EventRounds "9"]
[EventCountry "CAN"]

1. e4 Nf6 2. Nc3 d5 3. exd5 Nxd5 4. Nxd5 Qxd5 5. Nf3 g6 6. d4 Bg7 7. c3 O-O 8.
Be3 Nd7 9. Qd2 Nf6 10. Bd3 Ne4 11. Bxe4 Qxe4 12. O-O-O Bf5 13. Rhe1 Qb1# 0-1

[Event "CAN-ch U1900"]
[Site "Kingston CAN"]
[Date "2019.04.19"]
[Round "2.26"]
[White "Groot-Lipman, Jeff"]
[Black "Phillips, Brian"]
[Result "0-1"]
[WhiteElo "1848"]
[BlackElo "1654"]
[PlyCount "116"]
[EventDate "2019.04.18"]
[EventType "swiss"]
[EventRounds "9"]
[EventCountry "CAN"]

1. e4 e6 2. d3 d5 3. Nd2 g6 4. Ngf3 Bg7 5. g3 c5 6. Bg2 Nc6 7. O-O Nf6 8. Re1
O-O 9. c3 d4 10. cxd4 cxd4 11. Nb3 e5 12. h3 Qb6 13. Nh2 Be6 14. Bd2 Rac8 15.
Rc1 Nb4 16. Bxb4 Qxb4 17. Qd2 Qxd2 18. Nxd2 Bh6 19. Rxc8 Rxc8 20. Nb3 Bxb3 21.
axb3 Rc1 22. Kf1 Rxe1+ 23. Kxe1 Bc1 24. Kd1 Bxb2 25. Bf3 Nd7 26. Bg4 Nb6 27.
Be2 Kg7 28. Nf3 f6 29. Nd2 Bc3 30. Nc4 Nd7 31. f4 a5 32. fxe5 fxe5 33. Bg4 Nc5
34. Kc2 Kf6 35. Bc8 b5 36. Nb6 a4 37. bxa4 bxa4 38. Nd7+ Nxd7 39. Bxd7 a3 40.
Kb3 Be1 41. Kxa3 Bxg3 42. Kb2 Kg5 43. Kc2 Kf4 44. Kd1 Ke3 45. Kc2 Bf4 46. Be6
Kf3 47. Bg8 h6 48. Bf7 g5 49. Be6 Kg3 50. Kd1 h5 51. Ke2 g4 52. h4 Kxh4 53. Kf2
Be3+ 54. Kg2 Kg5 55. Kg3 h4+ 56. Kg2 Kf4 57. Bf7 h3+ 58. Kh1 g3 0-1

[Event "CAN-ch U1900"]
[Site "Kingston CAN"]
[Date "2019.04.19"]
[Round "2.27"]
[White "Perkins, Simon"]
[Black "Bond, Hal"]
[Result "0-1"]
[WhiteElo "1753"]
[BlackElo "1644"]
[PlyCount "106"]
[EventDate "2019.04.18"]
[EventType "swiss"]
[EventRounds "9"]
[EventCountry "CAN"]

1. d4 Nf6 2. Nf3 d5 3. Bf4 b6 4. c3 e6 5. e3 Be7 6. Bd3 O-O 7. Ne5 Bb7 8. Nd2
Nbd7 9. O-O Nxe5 10. Bxe5 c5 11. Qf3 Bd6 12. Bg3 Qe7 13. Bh4 e5 14. Bxf6 Qxf6
15. Qxf6 gxf6 16. Bf5 e4 17. f3 Rae8 18. fxe4 dxe4 19. Bh3 Kg7 20. Rf2 Ba6 21.
Nf1 Bd3 22. Rd1 Rg8 23. Ng3 Bxg3 24. hxg3 Kf8 25. Kh2 Rg6 26. Rdd2 Ke7 27. Bf5
Rg5 28. Rf4 Rh5+ 29. Kg1 Kd6 30. dxc5+ Kxc5 31. Rdf2 Rg5 32. Kh2 Reg8 33. Bh3
Rxg3 34. Rxf6 Rxe3 35. Rxf7 a5 36. Rxh7 Re8 37. Rc7+ Kd6 38. Rff7 Bb5 39. Rb7
Rxh3+ 40. gxh3 e3 41. Rxb6+ Kc5 42. Rxb5+ Kxb5 43. Rf1 Kc4 44. Kg2 e2 45. Re1
Kd3 46. h4 Kd2 47. Rh1 e1=Q 48. Rxe1 Rxe1 49. Kf3 a4 50. h5 Kc2 51. b3 a3 52.
c4 Kb2 53. h6 Rh1 0-1

[Event "CAN-ch U1900"]
[Site "Kingston CAN"]
[Date "2019.04.19"]
[Round "2.28"]
[White "Landstrom, William"]
[Black "Xie, Austin"]
[Result "1/2-1/2"]
[WhiteElo "1583"]
[BlackElo "1750"]
[PlyCount "65"]
[EventDate "2019.04.18"]
[EventType "swiss"]
[EventRounds "9"]
[EventCountry "CAN"]

1. e4 e6 2. d4 d5 3. Nc3 Nf6 4. e5 Nfd7 5. f4 c5 6. Nf3 Nc6 7. Be3 cxd4 8. Nxd4
Bc5 9. Bb5 Qc7 10. Be2 a6 11. Qd2 b5 12. a3 Bb7 13. O-O Qb6 14. Rad1 O-O 15.
Rf3 Rad8 16. Na2 Rc8 17. c3 Qc7 18. Bd3 g6 19. h4 Nb6 20. Bf2 Nc4 21. Qe2 Qb6
22. Bb1 Nxd4 23. cxd4 Be7 24. h5 Kg7 25. g4 f5 26. exf6+ Bxf6 27. g5 Bd8 28.
hxg6 hxg6 29. Qd3 Rf5 30. Qf1 Rf8 31. Qd3 Rf5 32. Qe2 Rf8 33. Qd3 1/2-1/2

[Event "CAN-ch U1900"]
[Site "Kingston CAN"]
[Date "2019.04.19"]
[Round "2.29"]
[White "Sharma, Vishruth"]
[Black "Xiao, Edward"]
[Result "1/2-1/2"]
[WhiteElo "1745"]
[BlackElo "1572"]
[PlyCount "50"]
[EventDate "2019.04.18"]
[EventType "swiss"]
[EventRounds "9"]
[EventCountry "CAN"]

1. e4 c5 2. Nf3 d6 3. d4 cxd4 4. Nxd4 Nf6 5. Nc3 a6 6. Be3 e5 7. Nb3 Be6 8. Be2
Be7 9. O-O O-O 10. Qd2 Nbd7 11. f4 b5 12. Nd5 Nxe4 13. Nxe7+ Qxe7 14. Qb4 Nef6
15. fxe5 Nxe5 16. Bg5 Rfe8 17. Bxf6 gxf6 18. Qf4 Ng6 19. Qxf6 Qxf6 20. Rxf6
Bxb3 21. Bf3 Be6 22. Bxa8 Rxa8 23. a4 Kg7 24. Rf2 b4 25. Rd2 Rd8 1/2-1/2

[Event "CAN-ch U1900"]
[Site "Kingston CAN"]
[Date "2019.04.19"]
[Round "2.30"]
[White "Srinivas, Atharva"]
[Black "Balasooriya, Randika"]
[Result "1/2-1/2"]
[WhiteElo "1683"]
[BlackElo "1929"]
[PlyCount "71"]
[EventDate "2019.04.18"]
[EventType "swiss"]
[EventRounds "9"]
[EventCountry "CAN"]

1. e4 e5 2. Nf3 Nc6 3. Bb5 Nf6 4. O-O Bc5 5. Re1 Ng4 6. Rf1 d6 7. h3 h5 8. c3
a6 9. Ba4 b5 10. Bc2 Bb6 11. d4 Bb7 12. Re1 Nf6 13. Bg5 Qd7 14. dxe5 Nxe5 15.
Nxe5 dxe5 16. Qxd7+ Nxd7 17. Nd2 f6 18. Be3 Ke7 19. Nf3 g5 20. Rad1 Nc5 21. Nh2
Rad8 22. Rxd8 Rxd8 23. Nf1 h4 24. Nh2 Nd3 25. Bxd3 Rxd3 26. Bxb6 cxb6 27. Re2
Rd1+ 28. Nf1 Bc8 29. Rc2 g4 30. hxg4 Bxg4 31. f3 Be6 32. b3 a5 33. Kf2 a4 34.
bxa4 bxa4 35. Ne3 Rd8 36. Ke2 1/2-1/2

[Event "CAN-ch U1900"]
[Site "Kingston CAN"]
[Date "2019.04.19"]
[Round "2.31"]
[White "Hua, Michelle"]
[Black "Dupont-Mageau, Nicolas"]
[Result "1-0"]
[WhiteElo "1815"]
[BlackElo "1459"]
[PlyCount "75"]
[EventDate "2019.04.18"]
[EventType "swiss"]
[EventRounds "9"]
[EventCountry "CAN"]

1. c4 Nf6 2. g3 g6 3. Bg2 d6 4. Nc3 Bg7 5. e3 e5 6. Nge2 O-O 7. O-O Nbd7 8. d4
Re8 9. b3 a6 10. Bb2 Rb8 11. Qd3 exd4 12. Nxd4 Nc5 13. Qd2 Nfe4 14. Nxe4 Nxe4
15. Qc2 Qe7 16. Rfe1 Ng5 17. Rad1 Bh3 18. Bc1 Bxd4 19. Rxd4 Qd7 20. Rh4 Bxg2
21. Kxg2 Qc6+ 22. e4 Nxe4 23. f3 Nf6 24. Rf1 Re6 25. Qc3 Qc5 26. Bb2 Qe5 27.
Qc1 Qf5 28. Rf4 Qc5 29. Bxf6 Re2+ 30. Kh1 Rxa2 31. Bb2 Qb4 32. Qc3 Qxc3 33.
Bxc3 b5 34. Re4 f5 35. Re7 bxc4 36. bxc4 Rc2 37. Bf6 Rf8 38. Rg7+ 1-0

[Event "CAN-ch U1900"]
[Site "Kingston CAN"]
[Date "2019.04.19"]
[Round "2.32"]
[White "Laurin, Marcel"]
[Black "Masse-Garneau, Anthony"]
[Result "1/2-1/2"]
[WhiteElo "1680"]
[BlackElo "1742"]
[PlyCount "58"]
[EventDate "2019.04.18"]
[EventType "swiss"]
[EventRounds "9"]
[EventCountry "CAN"]

1. d4 d5 2. Nf3 Bf5 3. Bf4 e6 4. e3 Nd7 5. Bd3 Bg6 6. O-O Ngf6 7. Nc3 a6 8. a3
c5 9. dxc5 Nxc5 10. Ne5 Nxd3 11. cxd3 Bd6 12. d4 O-O 13. h3 Ne4 14. Ne2 Rc8 15.
f3 Nf6 16. Rc1 Bxe5 17. Bxe5 Nd7 18. Bd6 Re8 19. Qd2 Qb6 20. Bb4 Qb5 21. Rxc8
Rxc8 22. Rc1 Rc6 23. Nf4 Nb6 24. Nxg6 hxg6 25. b3 Rxc1+ 26. Qxc1 Qc6 27. Qe1
Nd7 28. Kh2 Qc7+ 29. Kg1 Qc2 1/2-1/2

[Event "CAN-ch U1900"]
[Site "Kingston CAN"]
[Date "2019.04.19"]
[Round "2.33"]
[White "Hsu, Ted"]
[Black "Lesage, Pierre"]
[Result "1-0"]
[WhiteElo "1732"]
[BlackElo "1676"]
[PlyCount "99"]
[EventDate "2019.04.18"]
[EventType "swiss"]
[EventRounds "9"]
[EventCountry "CAN"]

1. d4 Nf6 2. Bf4 g6 3. e3 Bg7 4. Nf3 d6 5. h3 O-O 6. Be2 c5 7. c3 Qb6 8. Qb3
Be6 9. c4 Nh5 10. Bh2 cxd4 11. Nxd4 Bxd4 12. exd4 Qxd4 13. Nd2 Nd7 14. O-O Qxd2
15. Bxh5 gxh5 16. Rad1 Qe2 17. Rd3 Ne5 18. Bxe5 dxe5 19. Qc3 Qe4 20. Re1 Qxc4
21. Rg3+ Kh8 22. Qxe5+ f6 23. Qxe6 Qxe6 24. Rxe6 Rf7 25. Rc3 Kg8 26. Rc7 Rb8
27. Rexe7 Rxe7 28. Rxe7 a6 29. Kf1 b5 30. Re6 Kf7 31. Rxa6 Rc8 32. b4 Re8 33.
f3 h4 34. Kf2 Re5 35. a3 Kg6 36. Rd6 h6 37. f4 Re8 38. Rd5 Ra8 39. Rxb5 Rxa3
40. Rc5 Rb3 41. b5 h5 42. Ke1 Rb2 43. Kd1 Rb4 44. Kd2 Rxf4 45. Kc3 Rf1 46. Rc4
Rf2 47. b6 Rxg2 48. b7 Rg3+ 49. Kb4 Rg1 50. Rc3 1-0

[Event "CAN-ch U1900"]
[Site "Kingston CAN"]
[Date "2019.04.19"]
[Round "2.34"]
[White "Stopic, Alexander"]
[Black "Lemieux, Richard"]
[Result "1/2-1/2"]
[WhiteElo "1689"]
[BlackElo "1802"]
[PlyCount "60"]
[EventDate "2019.04.18"]
[EventType "swiss"]
[EventRounds "9"]
[EventCountry "CAN"]

1. c4 Nf6 2. g3 g6 3. Bg2 Bg7 4. Nc3 O-O 5. d4 d6 6. Nf3 Nbd7 7. O-O c5 8. e4
cxd4 9. Nxd4 a6 10. h3 Qc7 11. b3 Rb8 12. Bb2 Ne5 13. Qe2 Bd7 14. Rad1 Nc6 15.
Nd5 Nxd5 16. exd5 Nxd4 17. Bxd4 b5 18. Bxg7 Kxg7 19. Qxe7 Rfe8 20. Qh4 bxc4 21.
bxc4 Re2 22. Qd4+ Kg8 23. a3 Rbe8 24. Qc3 Qc8 25. Qb4 Bxh3 26. Bxh3 Qxh3 27.
Qxd6 R2e5 28. Rd4 Re1 29. Rd1 R1e5 30. Rd4 Re1 1/2-1/2

[Event "CAN-ch U1900"]
[Site "Kingston CAN"]
[Date "2019.04.19"]
[Round "2.35"]
[White "Krolczyk, Jacob"]
[Black "Dickaon, Kirk Johannes"]
[Result "1-0"]
[WhiteElo "1783"]
[BlackElo "1682"]
[PlyCount "79"]
[EventDate "2019.04.18"]
[EventType "swiss"]
[EventRounds "9"]
[EventCountry "CAN"]

1. Nf3 d5 2. d3 f5 3. g3 e6 4. Bg2 Bd6 5. Nbd2 Nf6 6. O-O O-O 7. c3 c6 8. e4
fxe4 9. dxe4 Nbd7 10. Qe2 Bc5 11. e5 Ng4 12. Nb3 Bxf2+ 13. Rxf2 Nxf2 14. Kxf2
a5 15. Kg1 h6 16. Be3 b6 17. Bh3 Qe8 18. Nbd4 Nc5 19. a4 Ba6 20. Qd2 Qh5 21.
Kg2 Rae8 22. Qd1 g5 23. g4 Qf7 24. Nxc6 Ne4 25. Ncd4 Qg6 26. Nb5 Nc5 27. Bxc5
bxc5 28. Nc7 Rxf3 29. Qxf3 Rf8 30. Qd1 Bb7 31. Kg1 d4 32. cxd4 Rf3 33. Qe2 Rxh3
34. Rf1 cxd4 35. Qb5 Bf3 36. Qd7 d3 37. Ne8 Qf7 38. Nf6+ Kg7 39. Qxd3 Qb7 40.
Rf2 1-0

[Event "CAN-ch U1900"]
[Site "Kingston CAN"]
[Date "2019.04.19"]
[Round "2.36"]
[White "Samuel, Victor"]
[Black "Ramesh, Sanjay"]
[Result "0-1"]
[WhiteElo "1632"]
[BlackElo "1777"]
[PlyCount "64"]
[EventDate "2019.04.18"]
[EventType "swiss"]
[EventRounds "9"]
[EventCountry "CAN"]

1. d4 d5 2. Bf4 Nf6 3. e3 e6 4. Nf3 c5 5. Nbd2 Nc6 6. c3 Bd6 7. Bg3 cxd4 8.
exd4 Nh5 9. Bh4 Qb6 10. Rb1 Nf4 11. g3 Ng6 12. Bg5 O-O 13. Bd3 e5 14. dxe5
Ngxe5 15. Nxe5 Nxe5 16. Be2 Bc5 17. O-O Bh3 18. b4 Bxf1 19. bxc5 Bxe2 20. Qxe2
Qe6 21. Rxb7 f6 22. Bf4 Rfb8 23. Qb5 Rxb7 24. Qxb7 Qc6 25. Qb3 Qxc5 26. Be3 Qd6
27. Ne4 Qd8 28. Nc5 Nc4 29. Bd4 Qb6 30. Qa4 Nd2 31. Qd7 Qb1+ 32. Kg2 Qf1# 0-1

[Event "CAN-ch U1900"]
[Site "Kingston CAN"]
[Date "2019.04.19"]
[Round "2.37"]
[White "Dong, Yiwei"]
[Black "Page, Dany"]
[Result "1/2-1/2"]
[WhiteElo "1595"]
[BlackElo "1740"]
[PlyCount "63"]
[EventDate "2019.04.18"]
[EventType "swiss"]
[EventRounds "9"]
[EventCountry "CAN"]

1. d4 Nf6 2. Nf3 c5 3. c3 cxd4 4. cxd4 g6 5. Nc3 d6 6. e4 Bg7 7. Bc4 a6 8. a4
Nc6 9. h3 O-O 10. Be3 Qa5 11. O-O Qb4 12. Qb3 Qa5 13. d5 Nb4 14. Bd2 Qc5 15. a5
Nc2 16. Na4 Nxa1 17. Qd3 Qc7 18. Rc1 Qd8 19. Nb6 Rb8 20. Rxa1 Nd7 21. Be3 Bxb2
22. Rb1 Bg7 23. Nxd7 Bxd7 24. Bb6 Qe8 25. Nd4 Be5 26. Ba7 Ra8 27. Rxb7 Bc8 28.
Rc7 Qa4 29. Nc6 Qa1+ 30. Qf1 Qxf1+ 31. Kxf1 e6 32. Ke2 1/2-1/2

[Event "CAN-ch U1900"]
[Site "Kingston CAN"]
[Date "2019.04.19"]
[Round "3.25"]
[White "Kuryliw, Ray"]
[Black "Phillips, Brian"]
[Result "1/2-1/2"]
[WhiteElo "1885"]
[BlackElo "1654"]
[PlyCount "86"]
[EventDate "2019.04.18"]
[EventType "swiss"]
[EventRounds "9"]
[EventCountry "CAN"]

1. d4 e6 2. Nf3 f5 3. g3 Nf6 4. Bg2 Be7 5. Nbd2 O-O 6. O-O d6 7. b3 Qe8 8. Nc4
Nbd7 9. Ng5 Nb6 10. Nxb6 axb6 11. f4 h6 12. Nf3 Ne4 13. Nd2 Nc3 14. Qe1 Rxa2
15. Rxa2 Nxa2 16. Bb2 Nb4 17. c4 Bf6 18. Qb1 Nc6 19. e3 Kh8 20. Re1 e5 21. Nf3
e4 22. Nd2 Nb4 23. Bf1 Nc6 24. Be2 Ne7 25. Kf2 Ng6 26. Bh5 Kh7 27. Qa1 Qe7 28.
d5 Bxb2 29. Qxb2 c5 30. Ra1 Nxf4 31. exf4 e3+ 32. Kg2 exd2 33. Qxd2 Qf6 34. Re1
g6 35. Bf3 Bd7 36. Re3 Re8 37. Qe2 Rxe3 38. Qxe3 Qb2+ 39. Qe2 Qxe2+ 40. Bxe2
Kg7 41. Kf2 Kf6 42. Ke3 g5 43. Kd2 g4 1/2-1/2